000 00872nac a22002531i 4500
003 EG-ScBUE
005 20241010114415.0
008 241010s2004 njua f b 001 0 eng d
020 _a013035399X
020 _a9780130353993
040 _aEG-ScBUE
_beng
_erda
_cEG-ScBUE
_dEG-ScBUE
082 0 4 _a515.2433
_bGRA
_222
100 1 _aGrafakos, Loukas,
_eauthor.
245 1 0 _aClassical and modern Fourier analysis /
_cLoukas Grafakos, University of Missouri.
264 1 _aUpper Saddle River, N.J. :
_bPearson/Prentice Hall,
_c2004.
300 _a1 volume (various pagings) :
_billustrations ;
_c24 cm
336 _2rdacontent
_atext
_btxt
337 _aunmediated
_2rdamedia
_bn
338 _avolume
_bnc
_2rdacarrier
504 _aIncludes bibliographical references and index.
650 7 _aFourier analysis.
_2BUEsh
655 _vReading book
942 _cBB
_2ddc
999 _c1265
_d1265